000 01005nam a22002537a 4500
005 20170509111735.0
010 _a1617EN ENG-117018
020 _a9788131529607
_c550.00
035 _aB-653854-861
035 _aEN-100550
035 _aB-665135
037 _bABC
_aDPL
082 _a658.0072
100 _aDangi, H.K.
245 _aBusiness research methods /
_cby H.K.Dangi [and] Shruti Dewen
260 _aDelhi
_bCengage Learning
_c2016
270 _a418, F.I.E., Patparganj
_bDelhi
_e110092
300 _axx, 379p.:
_c25cm(pbk)
500 _aIncludes index
700 _aDewen, Shruti
942 _2ddc
_cEN
_h658.0072
_mDAN
999 _c101887
_d101887